000
00314nam a2200145Ia 4500
008
100415s9999 xx 000 0 und d
082
_b
10405
100
_a
F.W.Tesch
245
_a
The Ecl
260
_a
LONDON
_c
1977
_b
CHAPMAN & HALL
365
_b
0
630
_a
The Ecl
730
_a
The Ecl
942
_c
BOOK
999
_c
593334
_d
593331